000 00319nam a2200133Ia 4500
003 OSt
005 20230727062947.0
008 170524s9999 xx 000 0 und d
040 _cIIMT UNIVERSITY
100 _aASWATHAPPA- K
245 0 _aINTERNATIONAL BUSINESS
260 _bTATA MCGRAW HILL NEW DELHI
942 _2ddc
_c02
999 _c8078
_d8078